Transistor circuit design (Record no. 23504)

000 -LEADER
fixed length control field 00584nam a22002171 4500
001 - CONTROL NUMBER
control field 23504
003 - CONTROL NUMBER IDENTIFIER
control field BD-DhUET
008 - FIXED-LENGTH DATA ELEMENTS--GENERAL INFORMATION
fixed length control field 721219s1963 nyua b 000 0 eng
040 ## - CATALOGING SOURCE
Original cataloging agency DLC
Transcribing agency DLC
Modifying agency BD-DhUET
082 ## - DEWEY DECIMAL CLASSIFICATION NUMBER
Classification number 623.8151
Item number TEX/1963
110 ## - MAIN ENTRY--CORPORATE NAME
Corporate name or jurisdiction name as entry element Texas Instruments Incorporated
245 10 - TITLE STATEMENT
Title Transistor circuit design
250 ## - EDITION STATEMENT
Edition statement 1st ed.
260 ## - PUBLICATION, DISTRIBUTION, ETC. (IMPRINT)
Place of publication, distribution, etc. New York
Name of publisher, distributor, etc. McGraw-Hill
Date of publication, distribution, etc. 1963
300 ## - PHYSICAL DESCRIPTION
Extent xi, 523 p.
Other physical details ill.
Dimensions 26 cm.
504 ## - BIBLIOGRAPHY, ETC. NOTE
Bibliography, etc Includes bibliographies
650 #0 - SUBJECT ADDED ENTRY--TOPICAL TERM
Topical term or geographic name as entry element Transistor : Electronics
700 ## - ADDED ENTRY--PERSONAL NAME
Personal name Walston, Joseph A.
700 ## - ADDED ENTRY--PERSONAL NAME
Personal name Miller, John R.
942 ## - ADDED ENTRY ELEMENTS (KOHA)
Koha item type Corporate Publication
Holdings
Location (home branch) Date acquired Koha item type Copy number Withdrawn status Shelving location Lost status Koha full call number Source of classification or shelving scheme Not for loan Koha date last seen Koha normalized classification for sorting Damaged status Sublocation or collection (holding branch) Piece designation (barcode) Price effective from
Central Library, BUET2015-05-04Corporate Publication1 Circulation section 623.8151/TEX/1963   2015-05-04623_815100000000000_TEX_1963 Central Library, BUET306102015-05-04
Central Library, BUET2015-05-04Corporate Publication2 Circulation section 623.8151/TEX/1963  2015-05-04623_815100000000000_TEX_1963 Central Library, BUET306072015-05-04
Central Library, BUET2015-05-04Corporate Publication3 Circulation section 623.8151/TEX/1963   2015-05-04623_815100000000000_TEX_1963 Central Library, BUET306122015-05-04
Central Library, BUET2015-05-04Corporate Publication4 Circulation section 623.8151/TEX/1963  2015-05-04623_815100000000000_TEX_1963 Central Library, BUET306132015-05-04
Central Library, BUET2015-05-04Corporate Publication5 Circulation section 623.8151/TEX/1963   2015-05-04623_815100000000000_TEX_1963 Central Library, BUET266872015-05-04
Central Library, BUET2015-05-07Corporate Publication6 Circulation section 623.8151/TEX/1963  2015-05-07623_815100000000000_TEX_1963 Central Library, BUET306082015-05-07
Central Library, BUET2015-05-07Corporate Publication7 Circulation section 623.8151/TEX/1963  2015-05-07623_815100000000000_TEX_1963 Central Library, BUET306062015-05-07
Central Library, BUET2015-05-07Corporate Publication8 Circulation section 623.8151/TEX/1963  2015-05-07623_815100000000000_TEX_1963 Central Library, BUET306092015-05-07
Central Library, BUET2015-06-25Corporate Publication9 Reading section 623.8151/TEX/1963  2015-06-25623_815100000000000_TEX_1963 Central Library, BUET306042015-06-25
Central Library, BUET2015-06-25Corporate Publication10 Reading section 623.8151/TEX/1963  2015-06-25623_815100000000000_TEX_1963 Central Library, BUET99682015-06-25
Central Library, BUET2015-06-25Corporate Publication11 Reading section 623.8151/TEX/1963  2015-06-25623_815100000000000_TEX_1963 Central Library, BUET306052015-06-25